000 00744nam a2200229Ia 4500
003 GCL
008 140319s9999 xx 000 0 ara d
040 _aGCL /
_cGCL
082 0 4 _a027.4
_bا م
100 1 _aاحمد عبدالله العلى
245 1 0 _aالمكتبات المدرسية والعامة الاسس والخدمات والانشطة /
_cاحمد عبدالله العلى
260 _a[S.N] :
_bالدار المصرية اللبنانية ،
_c1993
300 _a150 ص
490 _a
650 0 4 _aالمكتبات العامة
650 0 4 _aالمكتبات
650 0 4 _aالمكتبات المدرسية
650 0 4 _aالاسس
650 0 4 _aالخدمات
650 0 4 _aالانشطة
942 _2ddc
_cBK
999 _c29898
_d29898